[Event "EU-ch Hybrid U12"]
[Site "Tornelo INT"]
[Date "2021.10.15"]
[Round "9"]
[White "Alves, Jose Pedro Figueire"]
[Black "Kjartansson, Arnar Logi"]
[Result "1-0"]
[WhiteElo "1206"]
[BlackElo "1315"]
[PlyCount "33"]
[EventDate "2021.10.15"]
[EventType "swiss"]
[EventRounds "9"]
[EventCountry "NET"]
[SourceTitle "EXT 2023"]
[Source "ChessBase"]
[SourceDate "2022.10.05"]
[SourceVersion "1"]
[SourceVersionDate "2022.10.05"]
[SourceQuality "1"]
[WhiteTeam "Portugal"]
[BlackTeam "Island"]
[WhiteTeamCountry "POR"]
[BlackTeamCountry "ISL"]

1. e4 e6 2. d4 d5 3. exd5 exd5 4. Bd3 Nf6 5. h3 Bd6 6. Qf3 0-0 7. Ne2 Re8 8. 0-0 Be6 9. Bf4 c6 10. Bxd6 Qxd6 11. Nd2 Nbd7 12. c3 Rac8 13. Rfe1 Nf8 14. Nf4 Bd7 15. Qg3 Ng6 16. Nxg6 hxg6 17. Qxd6 1-0

[Event "EU-ch Hybrid U12"]
[Site "Tornelo INT"]
[Date "2021.10.15"]
[Round "5"]
[White "Kjartansson, Arnar Logi"]
[Black "Benakis, Ioannis"]
[Result "0-1"]
[WhiteElo "1315"]
[BlackElo "1243"]
[PlyCount "48"]
[EventDate "2021.10.15"]
[EventType "swiss"]
[EventRounds "9"]
[EventCountry "NET"]
[SourceTitle "EXT 2023"]
[Source "ChessBase"]
[SourceDate "2022.10.05"]
[SourceVersion "1"]
[SourceVersionDate "2022.10.05"]
[SourceQuality "1"]
[WhiteTeam "Island"]
[BlackTeam "Greece"]
[WhiteTeamCountry "ISL"]
[BlackTeamCountry "GRE"]

1. d4 Nf6 2. c4 g6 3. Nc3 Bg7 4. e4 d6 5. Nf3 0-0 6. Be2 e5 7. Be3 Nc6 8. 0-0 h6 9. d5 Ne7 10. c5 Kh7 11. Rc1 Ne8 12. h3 f5 13. Bb5 f4 14. Bd2 g5 15. Bxe8 Qxe8 16. cxd6 cxd6 17. Qe2 Bf6 18. Nb5 Rg8 19. Nc7 Qh5 20. Nxa8 g4 21. Nh2 f3 22. Nxf3 gxf3 23. Qe3 Rxg2+ 24. Kh1 Qxh3# 0-1

[Event "EU-ch 21st"]
[Site "Reykjavik"]
[Date "2021.09.01"]
[Round "7"]
[White "Kjartansson, Arnar Logi"]
[Black "Pozimski, Szymon"]
[Result "0-1"]
[WhiteElo "1271"]
[BlackElo "2019"]
[PlyCount "48"]
[EventDate "2021.08.26"]
[EventType "swiss"]
[EventRounds "11"]
[EventCountry "ISL"]
[SourceTitle "CBM 204"]
[Source "ChessBase"]
[SourceDate "2021.10.31"]
[SourceVersion "1"]
[SourceVersionDate "2021.10.31"]
[SourceQuality "1"]

1. d4 d5 2. c4 dxc4 3. Nc3 a6 4. a4 e6 5. Nf3 Nc6 6. e4 Na5 7. d5 Nf6 8. Bg5 Be7 9. Ne5 0-0 10. Nxc4 Nxc4 11. Bxc4 exd5 12. exd5 Nxd5 13. Bxe7 Qxe7+ 14. Ne2 Qb4+ 15. Nc3 Nxc3 16. Bxf7+ Rxf7 17. bxc3 Qxc3+ 18. Kf1 Bg4 19. Qb1 Raf8 20. Ra2 Be6 21. Rc2 Qd3+ 22. Kg1 Rxf2 23. Rc1 Rf1+ 24. Rxf1 Qe3+ 0-1

[Event "Reykjavik ISL-ch op"]
[Site "Reykjavik"]
[Date "2020.08.24"]
[Round "3"]
[White "Omarsson, Adam"]
[Black "Kjartansson, Arnar Logi"]
[Result "1-0"]
[WhiteElo "1435"]
[BlackElo "1161"]
[PlyCount "79"]
[EventDate "2020.08.22"]
[EventType "swiss"]
[EventRounds "9"]
[EventCountry "ISL"]
[SourceTitle "CBM 198 Extra"]
[Source "ChessBase"]
[SourceDate "2020.11.30"]
[SourceVersion "1"]
[SourceVersionDate "2020.11.30"]
[SourceQuality "1"]

1. d4 Nf6 2. c4 e6 3. Nc3 Bb4 4. f3 d5 5. a3 Bxc3+ 6. bxc3 0-0 7. cxd5 exd5 8. e3 Bf5 9. Bd3 Qc8 10. Qc2 Bxd3 11. Qxd3 Nbd7 12. Ne2 c5 13. 0-0 Re8 14. Nf4 Nb6 15. Re1 cxd4 16. cxd4 Qd7 17. Bd2 Nc4 18. Rac1 Rac8 19. Rc2 Qd6 20. Bb4 Qd7 21. Rec1 Rxe3 22. Qxe3 Nxe3 23. Rxc8+ Ne8 24. R1c7 Qa4 25. Re7 Qd1+ 26. Kf2 Qf1+ 27. Kxe3 Qg1+ 28. Ke2 g5 29. Rexe8+ Kg7 30. Bf8+ Kf6 31. Nxd5+ Kf5 32. Ne3+ Kg6 33. d5 Qb1 34. d6 Qb2+ 35. Nc2 Qb5+ 36. Kf2 Qd7 37. Be7 Kh6 38. Rg8 b5 39. Bxg5+ Kh5 40. g4+ 1-0

[Event "Reykjavik Congress"]
[Site "Reykjavik"]
[Date "2020.02.02"]
[Round "9"]
[White "Briem, Gudrun Fanney"]
[Black "Kjartansson, Arnar Logi"]
[Result "0-1"]
[WhiteElo "1209"]
[BlackElo "1007"]
[PlyCount "35"]
[EventDate "2020.01.05"]
[EventType "swiss"]
[EventRounds "9"]
[EventCountry "ISL"]
[SourceTitle "EXT 2021"]
[Source "ChessBase"]
[SourceDate "2020.10.23"]
[SourceVersion "1"]
[SourceVersionDate "2020.10.23"]
[SourceQuality "1"]

1. d4 Nf6 2. Bf4 e6 3. Nf3 Be7 4. e3 b6 5. c3 Bb7 6. Nbd2 0-0 7. Bd3 d6 8. Qe2 c5 9. h3 Nbd7 10. Bh2 Qc7 11. g4 Rac8 12. 0-0 h6 13. Rfd1 d5 14. a3 Rfd8 15. Qf1 Qb8 16. Rac1 Qa8 17. Qe2 Bc6 18. b4 0-1